000 00979nam a22001937a 4500
008 150716b xxu||||| |||| 00| 0 eng d
020 _a9781133311362
050 _aHE7775.S79
100 _aStraubaar, Joseph.
245 _aMedia now: Understanding media, culture and technology. /
_cJoseph Straubhaar
250 _a8th ed.
260 _aBoston:
_bWadsworth Cengage Learning,
_c2014.
300 _axxiv,579p.:
_bill.;
_c28cm.
500 _aIncludes index.
505 _aContents: Media and the information age: The changing media -- Media and society -- The media: Books and magazines -- Print to digital newspapers -- Recorded music -- Radio -- Film and home video -- Television -- The internet -- Public relations -- Advertising -- The third screen: Smart phones and tablets -- Media issues: Media uses and impacts -- Media policy and law -- Media ethics -- Global communications media.
700 _aLAROSE, Robert.
700 _aDAVENPORT, Lucinda.
942 _2lcc
_cBK
999 _c5645
_d13145